[Event "Ch Yugoslavia"]
[Site "masterchessopen.com Sarajevo (Bosnia & Herzegovina)"]
[Round "16"]
[White "Nikolac Juraj (CRO)"]
[Black "Karaklajic Nikola (SRB)"]
[Result "1-0"]
[WhiteElo "2438"]
[BlackElo "2303"]

1.d4 Nf6 2.c4 e6 3.Nc3 Bb4 4.e3 O-O 5.Bd3 c5 6.Nf3 d5 7.O-O dxc4 8.Bxc4 Nc6
9.a3 Ba5 10.Qd3 a6 11.Rd1 b5 12.Ba2 Bb7 13.Qc2 cxd4 14.exd4 Ne7 15.Ne5 Rc8
16.Qd3 Ned5 17.Nxd5 Bxd5 18.Bg5 Bxa2 19.Rxa2 Qd5 20.Bxf6 gxf6 21.Ng4 Bd8
22.Raa1 Kh8 23.Ne3 Qd6 24.Qe4 f5 25.Qd3 Rg8 26.Rac1 Rxc1 27.Rxc1 f4 28.Nc2 Bf6
29.Qe4 Rc8 30.Rd1 Bg7 31.Ne1 e5 32.Qb7 Rd8 33.Nf3 Qd5 34.Qe7 Qd6 35.Qh4 exd4
36.Ng5 Qg6 37.Nxf7+ Qxf7 38.Qxd8+ Bf8 39.Qxd4+ Bg7 40.Qd8+ Qf8 41.Qxf8+ Bxf8
42.Rd8 Kg7 43.Ra8 {#r} 1-0

[Event "Match"]
[Site "masterchessopen.com San Salvador (El Salvador)"]
[Round "17"]
[White "Najdorf Miguel (POL)"]
[Black "Reshevsky Samuel H (USA)"]
[Result "1/2-1/2"]
[WhiteElo "2445"]
[BlackElo "2430"]

1.d4 Nf6 2.c4 e6 3.Nc3 Bb4 4.e3 O-O 5.Nf3 c5 6.Bd3 d5 7.O-O dxc4 8.Bxc4 Nc6
9.a3 Ba5 10.Qd3 a6 11.Rd1 b5 12.Ba2 Bb7 13.Bb1 cxd4 14.exd4 Ne7 15.Ng5 Ng6
16.Qh3 Bxc3 17.bxc3 Qd5 18.Re1 Rac8 19.Bd2 Qb3 20.Qd3 Qc4 21.a4 Qd5 22.f3 bxa4
23.Rxa4 Qd7 24.Ra1 Rfd8 25.Ba2 Bd5 26.Bxd5 Qxd5 27.Rxa6 e5 28.Qf5 exd4 29.Rxf6
gxf6 30.Re8+ Kg7 31.Qxd5 Rxd5 32.Rxc8 dxc3 33.Bxc3 Rxg5 34.g3 h5 35.Kf2 Rb5
36.Rd8 Ne5 37.f4 Rc5 {#d} 1/2-1/2

[Event "Match"]
[Site "masterchessopen.com Buenos Aires (Argentina)"]
[Round "4"]
[White "Najdorf Miguel (POL)"]
[Black "Reshevsky Samuel H (USA)"]
[Result "1/2-1/2"]
[WhiteElo "2445"]
[BlackElo "2430"]

1.d4 Nf6 2.c4 e6 3.Nc3 Bb4 4.e3 O-O 5.Bd3 c5 6.Nf3 d5 7.O-O Nc6 8.a3 dxc4
9.Bxc4 Ba5 10.Qd3 a6 11.Rd1 b5 12.Ba2 Bb7 13.dxc5 Bxc3 14.Qc2 Qe7 15.Qxc3 Rfd8
16.Bd2 Ne4 17.Qc2 Nxc5 18.Be1 Rac8 19.Rac1 Na4 20.Bb1 g6 21.Qe2 Rxd1 22.Rxd1
Rd8 23.Rc1 Nb6 24.h4 h5 25.Ng5 Nd5 26.f4 Nf6 27.b4 Nd5 28.Qf2 a5 29.Qg3 axb4
30.axb4 Nf6 31.Bc3 Ng4 32.Qe1 Rc8 33.Rd1 Rd8 34.Rc1 Rc8 35.Bc2 Nb8 36.Bd3 Na6
37.Bc2 Qd6 38.Bd1 Qd3 39.Bd2 Rd8 40.Bxg4 hxg4 41.Bc3 Rc8 42.Kh2 Rc4 43.Ba1 Nc7
44.Qd1 Qxd1 45.Rxd1 Bc6 46.Rd8+ Ne8 {#d} 1/2-1/2

[Event "Match"]
[Site "masterchessopen.com Buenos Aires (Argentina)"]
[Round "6"]
[White "Najdorf Miguel (POL)"]
[Black "Reshevsky Samuel H (USA)"]
[Result "1/2-1/2"]
[WhiteElo "2445"]
[BlackElo "2430"]

1.d4 Nf6 2.c4 e6 3.Nc3 Bb4 4.e3 c5 5.Bd3 O-O 6.Nf3 d5 7.O-O Nc6 8.a3 dxc4
9.Bxc4 Ba5 10.Bd3 Bb6 11.dxc5 Bxc5 12.b4 Be7 13.Bb2 a6 14.Rc1 Bd7 15.Bb1 Rc8
16.Qd3 Be8 17.Qc2 Na7 18.Rfd1 Qb6 19.Ng5 g6 20.Qe2 a5 21.bxa5 Qxa5 22.h4 Bc6
23.a4 Rfd8 24.Bd3 h6 25.Nf3 Qh5 26.e4 Ng4 {#d} 1/2-1/2

[Event "Tournament"]
[Site "masterchessopen.com Gagra (Georgia)"]
[Round "6"]
[White "Boleslavsky Isaac (RUS)"]
[Black "Smyslov Vassily (RUS)"]
[Result "1/2-1/2"]
[WhiteElo "2560"]
[BlackElo "2494"]

1.d4 Nf6 2.c4 e6 3.Nc3 Bb4 4.e3 c5 5.Bd3 O-O 6.Nf3 d5 7.O-O dxc4 8.Bxc4 Nc6
9.a3 Ba5 10.Qd3 a6 11.dxc5 Qxd3 12.Bxd3 Bxc3 13.bxc3 Nd7 14.a4 Nxc5 15.Bc2 Na5
16.Ba3 b6 17.Ne5 f6 18.Nd3 Nc4 19.Bxc5 bxc5 20.Nxc5 Ra7 21.Rac1 Rc7 22.Ne4 Kf7
23.Bb3 Ke7 24.Rfd1 Bd7 25.Rd4 Na5 26.Bd1 Rb8 27.Kf1 Rb2 28.Rd2 Nc4 29.Rxb2
Nxb2 30.Be2 a5 31.Bb5 Nxa4 32.Bxd7 Kxd7 33.Ra1 Nc5 34.Nxc5+ Rxc5 35.Ke2 Kc6
36.c4 h5 37.h4 g5 38.hxg5 fxg5 39.f3 Kd6 40.Kd3 g4 41.fxg4 hxg4 42.Kd4 Kc6
{#d} 1/2-1/2

[Event "Ch Yugoslavia"]
[Site "masterchessopen.com Novi Sad (Yugoslavia)"]
[Round "17"]
[White "Gligoric Svetozar (SRB)"]
[Black "Karaklajic Nikola (SRB)"]
[Result "1/2-1/2"]
[WhiteElo "2447"]
[BlackElo "2303"]

1.d4 Nf6 2.c4 e6 3.Nc3 Bb4 4.e3 O-O 5.Bd3 c5 6.Nf3 d5 7.O-O dxc4 8.Bxc4 Nc6
9.a3 Ba5 10.Qd3 a6 11.Rd1 b5 12.Ba2 Bb7 13.Bb1 Ne7 14.Qe2 cxd4 15.exd4 Qc7
16.Bd2 Bxc3 17.Bxc3 Ned5 18.Bd2 Nf4 19.Qe3 N6d5 20.Qe5 Qxe5 21.dxe5 Ng6 22.Be4
Rab8 23.Re1 Rfc8 24.Rad1 Nge7 25.Nd4 h6 26.Nb3 Nb6 27.Bb4 Bxe4 28.Rxe4 Ned5
{#d} 1/2-1/2

[Event "Ch Yugoslavia"]
[Site "masterchessopen.com Novi Sad (Yugoslavia)"]
[Round "12"]
[White "Udovcic Mijo (YUG)"]
[Black "Karaklajic Nikola (SRB)"]
[Result "1/2-1/2"]
[WhiteElo "2460"]
[BlackElo "2303"]

1.d4 Nf6 2.c4 e6 3.Nc3 Bb4 4.e3 O-O 5.Nf3 c5 6.Be2 d5 7.O-O dxc4 8.Bxc4 Nc6
9.a3 Ba5 10.Qd3 a6 11.Rd1 b5 12.Ba2 Bb7 13.Qe2 cxd4 14.exd4 h6 15.b4 Bb6 16.d5
exd5 17.Nxd5 Re8 18.Qb2 Nxd5 19.Rxd5 Qe7 20.Bf4 Qe2 21.Qxe2 Rxe2 22.Rd7 Nd8
23.Bxf7+ Kh8 24.Bg3 Bxf3 25.gxf3 Nxf7 26.Rxf7 Rd8 27.Rb7 Bd4 28.Rd1 Ree8
29.Kg2 Bb2 30.Rxd8 Rxd8 31.Ra7 Bxa3 32.Be5 Bxb4 33.Rxa6 Kg8 34.Ra7 Bf8 35.Rb7
b4 36.h4 Re8 37.f4 Re7 38.Rb8 Rd7 39.f5 Kf7 40.h5 Be7 41.Kg3 {#d} 1/2-1/2

[Event "Memorial Szikra"]
[Site "masterchessopen.com Budapest (Hungary)"]
[Round "0"]
[White "Barcza Gedeon (HUN)"]
[Black "Dely Peter (HUN)"]
[Result "1-0"]
[WhiteElo "2435"]
[BlackElo "2391"]

1.d4 Nf6 2.c4 e6 3.Nc3 Bb4 4.e3 O-O 5.Bd3 d5 6.Nf3 c5 7.O-O dxc4 8.Bxc4 Nc6
9.a3 Ba5 10.dxc5 Bxc3 11.bxc3 Qxd1 12.Rxd1 Ne4 13.a4 Na5 14.Ba2 Nxc3 15.Rd3
Nxa2 16.Rxa2 f6 17.Bd2 Nc6 18.Bc3 e5 19.Rd6 Kf7 20.a5 a6 21.Nd2 Na7 22.Bb4 Be6
23.Rb2 Rfd8 24.Ne4 Nb5 25.Rdd2 Bd5 26.Nd6+ Nxd6 27.cxd6 Bc6 28.f4 e4 29.Bc5
Ke6 30.Rd4 Kd7 31.Bb6 Rg8 32.Rf2 Rae8 33.Kf1 Ref8 34.Rdd2 Rc8 35.Ke1 Rge8
36.Bc7 Rg8 37.Rb2 Rge8 38.Kd2 Re6 39.Kc3 Ree8 40.Kb4 Rh8 41.g4 Rcf8 42.Rg2 g6
43.Kc5 Rhg8 44.Rg3 Rf7 45.Rf2 Rgg7 46.Kd4 Rg8 47.Rh3 Rgg7 48.Rh6 Ke6 49.h4 f5
50.g5 Bb5 51.Kc5 Rf8 52.h5 Rfg8 53.hxg6 hxg6 54.Rfh2 Bc6 55.Rh8 Kf7 56.Bd8
Rxh8 57.Rxh8 Rg8 58.Rh7+ Rg7 59.Rh6 Kg8 60.Bf6 Rd7 61.Rxg6+ Kf7 62.Rh6 Bb5
63.Kd5 {#r} 1-0

[Event "It (b)"]
[Site "masterchessopen.com Zittau (Germany)"]
[Date "1957.01.02"]
[Round "7"]
[White "Kollberg Lothar (GER)"]
[Black "Troeger Rainer (GER)"]
[Result "0-1"]
[WhiteElo "2237"]
[BlackElo "2170"]

1.d4 e6 2.c4 Nf6 3.Nc3 Bb4 4.e3 c5 5.Bd3 Nc6 6.Nf3 O-O 7.O-O d5 8.a3 dxc4
9.Bxc4 Ba5 10.dxc5 Bxc3 11.bxc3 Qa5 12.Qc2 Qxc5 13.Bd3 e5 14.a4 Re8 15.Ng5 h6
16.Ne4 Nxe4 17.Bxe4 Be6 18.Ba3 Qb6 19.Rab1 Qc7 20.Rfd1 Rad8 21.h3 b6 22.Bxc6
Qxc6 23.Rxd8 Rxd8 24.Rb5 Bd5 25.f3 Bxf3 26.gxf3 Qxf3 27.Rb1 Qxe3+ 28.Qf2 Qxc3
29.Bb2 Qxh3 30.Bxe5 f6 31.Bc7 Rd5 32.Qa2 Qg4+ 33.Kf2 Qf5+ 34.Kg1 Kh7 35.Re1
Qg4+ 36.Qg2 Qd4+ 37.Kh1 Qh4+ {#R} 0-1

[Event "Memorial G.Maroczy"]
[Site "masterchessopen.com Budapest (Hungary)"]
[Round "8"]
[White "Kluger Gyula (HUN)"]
[Black "Bisguier Arthur B (USA)"]
[Result "1/2-1/2"]
[WhiteElo "2250"]
[BlackElo "2237"]

1.d4 Nf6 2.c4 e6 3.Nc3 Bb4 4.e3 c5 5.Nf3 O-O 6.Bd3 d5 7.O-O dxc4 8.Bxc4 Nc6
9.a3 Ba5 10.Qd3 Qe7 11.Ne4 Rd8 12.Nxc5 e5 13.Ng5 Rf8 14.b4 Bc7 15.d5 e4
16.Ncxe4 Bf5 17.d6 Qe5 18.f4 Qxa1 19.Bd2 Qxf1+ 20.Kxf1 Nxe4 21.Nxe4 Bxe4
22.Qxe4 Bxd6 23.b5 Ne7 24.Bc3 Rfe8 25.g4 Ng6 26.Qd5 Re6 27.f5 Ne7 28.Qd3 Rh6
29.Qd4 Rf6 30.e4 Rc8 31.Qd3 Bxh2 32.Bxf6 gxf6 33.Bb3 Be5 34.Qd7 Kf8 35.Qxb7
Rc3 36.Bd5 Rxa3 37.Qa8+ Kg7 38.Qe8 Nxd5 39.exd5 Rd3 40.Qd7 Rd4 41.Ke2 h6
42.Ke3 Rd1 43.Qc6 Rd4 44.Qc5 Rd1 45.Ke2 Rd4 46.Kf3 Rd1 47.Ke3 Re1+ 48.Kd2 Rb1
49.Qc4 Rb2+ 50.Kc1 Rf2 {#d} 1/2-1/2

[Event "?"]
[Site "masterchessopen.com Buenos Aires (Argentina)"]
[Round "0"]
[White "Letelier Rene (CHI)"]
[Black "Schweber Samuel (ARG)"]
[Result "0-1"]
[WhiteElo "2151"]
[BlackElo "2348"]

1.d4 Nf6 2.c4 e6 3.Nc3 Bb4 4.e3 c5 5.Nf3 O-O 6.Bd3 d5 7.a3 dxc4 8.Bxc4 Ba5
9.O-O Nc6 10.Qe2 cxd4 11.Rd1 e5 12.b4 Bb6 13.b5 e4 14.bxc6 exf3 15.gxf3 bxc6
16.Na4 c5 17.exd4 cxd4 18.Nxb6 Qxb6 19.Qb2 Qc6 20.Be2 Nd5 21.Qxd4 Nc3 22.Re1
Nxe2+ 23.Rxe2 Qg6+ 24.Kh1 Bh3 25.Bg5 Qxg5 26.Rg1 Rad8 27.Qc3 Rd1 {#R} 0-1

[Event "Ch Denmark"]
[Site "masterchessopen.com Holstebro (Denmark)"]
[Round "0"]
[White "Kolvig Bent (DEN)"]
[Black "Larsen Bent (DEN)"]
[Result "1/2-1/2"]
[WhiteElo "2244"]
[BlackElo "2415"]

1.d4 Nf6 2.c4 e6 3.Nc3 Bb4 4.e3 c5 5.Bd3 d5 6.Nf3 O-O 7.O-O Nc6 8.a3 dxc4
9.Bxc4 Ba5 10.Bd3 cxd4 11.exd4 Bb6 12.Be3 Qd6 13.Qe2 Bd7 14.Rad1 Rac8 15.Bb1
Nd5 16.Qd3 f5 17.Bd2 Nf6 18.Bc1 Ne7 19.Ne5 Bc6 20.Ba2 Ned5 21.Nxc6 bxc6
22.Nxd5 cxd5 23.g3 Ne4 24.Bf4 Qd7 25.Rc1 g5 26.Be5 g4 27.f3 Rxc1 28.Rxc1 Ng5
29.f4 Nf3+ 30.Kg2 Rc8 31.Rxc8+ Qxc8 32.Qc3 Qxc3 33.bxc3 Kf7 34.Bd6 Ke8 35.a4
Kd7 36.Ba3 h5 37.h4 Nd2 38.Bb4 a5 39.Ba3 Bc7 40.Bc1 Ne4 41.Bb2 {#d} 1/2-1/2

[Event "Ch Hungary"]
[Site "masterchessopen.com Budapest (Hungary)"]
[Round "0"]
[White "Portisch Ferenc (HUN)"]
[Black "Dely Peter (HUN)"]
[Result "1/2-1/2"]
[WhiteElo "2342"]
[BlackElo "2391"]

1.d4 Nf6 2.c4 e6 3.Nc3 Bb4 4.e3 O-O 5.Bd3 c5 6.Nf3 d5 7.O-O dxc4 8.Bxc4 Nc6
9.a3 Ba5 10.Ne5 Qc7 11.Nxc6 Qxc6 12.d5 Qe8 13.e4 Bxc3 14.bxc3 b5 15.e5 Ne4
16.Qd3 bxc4 17.Qxe4 Bb7 18.Qg4 exd5 19.Qg3 Qc6 20.Be3 f5 21.Rab1 Ba6 22.Rfd1
Rae8 23.f4 {#d} 1/2-1/2

[Event "Ch City"]
[Site "masterchessopen.com Budapest (Hungary)"]
[Round "7"]
[White "Gasztonyi Endre (HUN)"]
[Black "Dely Peter (HUN)"]
[Result "1-0"]
[WhiteElo "2295"]
[BlackElo "2391"]

1.d4 Nf6 2.c4 e6 3.Nc3 Bb4 4.e3 O-O 5.Nf3 c5 6.Bd3 d5 7.O-O dxc4 8.Bxc4 Nc6
9.a3 Ba5 10.Ne2 Bb6 11.dxc5 Bxc5 12.b4 Bd6 13.Bb2 e5 14.Ng3 Qe7 15.Qc2 Bg4
16.Rad1 g6 17.Be2 Rac8 18.Qb1 Nh5 19.Ne4 Bb8 20.h3 Bf5 21.b5 Na5 22.g4 Bxe4
23.Qxe4 Nf6 24.Qa4 b6 25.g5 Nh5 26.Rd5 Rfd8 27.Rfd1 Rxd5 28.Rxd5 Qe6 29.Qd1
Ng7 30.Nxe5 Qe7 31.Ng4 {#r} 1-0

[Event "It"]
[Site "masterchessopen.com Dundee (Scotland)"]
[Round "0"]
[White "Gligoric Svetozar (SRB)"]
[Black "Larsen Bent (DEN)"]
[Result "1-0"]
[WhiteElo "2447"]
[BlackElo "2415"]

1.d4 Nf6 2.c4 e6 3.Nc3 Bb4 4.e3 c5 5.Bd3 O-O 6.Nf3 d5 7.O-O Nc6 8.a3 dxc4
9.Bxc4 Ba5 10.Qd3 a6 11.Rd1 b5 12.Ba2 Bb7 13.dxc5 Bxc3 14.Qc2 Qe7 15.Qxc3 Rfd8
16.Bd2 Ne4 17.Qc2 Nxc5 18.Be1 e5 19.Qf5 Qf6 20.Qh5 g6 21.Qh6 Qg7 22.Qh4 h6
23.Bc3 g5 24.Qg4 Rxd1+ 25.Rxd1 Bc8 26.Qh5 Be6 27.Bxe6 Nxe6 28.h4 a5 29.Rd5 b4
30.Bxe5 Nxe5 31.Nxe5 gxh4 32.Qxh4 Qg5 33.Qxg5+ hxg5 34.axb4 axb4 35.Rb5 Ra1+
36.Kh2 f6 37.Ng4 Kf7 38.Rxb4 Rb1 39.Rb5 Ng7 40.Rb6 Nh5 41.g3 Kg7 42.Kg2 f5
43.Nh6 f4 44.Nf5+ Kf7 45.exf4 gxf4 46.g4 Nf6 47.g5 {#r} 1-0

[Event "It"]
[Site "masterchessopen.com Dundee (Scotland)"]
[Round "0"]
[White "Gligoric Svetozar (SRB)"]
[Black "O'kelly De Galway Alberic (BEL)"]
[Result "1/2-1/2"]
[WhiteElo "2447"]
[BlackElo "2460"]

1.d4 Nf6 2.c4 e6 3.Nc3 Bb4 4.e3 c5 5.Bd3 Nc6 6.Nf3 d5 7.O-O O-O 8.a3 dxc4
9.Bxc4 Ba5 10.Qd3 a6 11.dxc5 Qxd3 12.Bxd3 Bxc3 13.bxc3 Na5 14.Bc2 Bd7 15.e4
Bc6 16.Re1 Rfc8 17.Bf4 Nd7 18.Bd6 Bb5 19.a4 Bc4 {#d} 1/2-1/2

[Event "Memorial J.Capablanca (a)"]
[Site "masterchessopen.com Habana (Cuba)"]
[Round "0"]
[White "Taimanov Mark E (RUS)"]
[Black "Larsen Bent (DEN)"]
[Result "0-1"]
[WhiteElo "2386"]
[BlackElo "2415"]

1.d4 Nf6 2.c4 e6 3.Nc3 Bb4 4.e3 O-O 5.Bd3 c5 6.Nf3 d5 7.O-O Nc6 8.a3 dxc4
9.Bxc4 Ba5 10.Qd3 a6 11.dxc5 Qxd3 12.Bxd3 Bxc3 13.bxc3 Na5 14.Rb1 Bd7 15.c4
Ba4 16.c6 Bxc6 17.Bd2 Bxf3 18.gxf3 Nc6 19.Bc3 Rab8 20.Rfd1 Rfc8 21.f4 Kf8
22.Kg2 Ke7 23.f5 e5 24.Bc2 Rc7 25.Kf3 Rd8 26.Rxd8 Kxd8 27.Ba4 Nd7 28.h4 g6
29.fxg6 hxg6 30.h5 gxh5 31.Rh1 e4+ 32.Kf4 Ne7 33.Ba5 b6 34.Bxd7 bxa5 35.Ba4
Ng6+ 36.Kf5 Rc5+ 37.Kf6 Ne5 38.Bb3 Ke8 39.Kg7 Ng4 40.Bd1 Rg5+ 41.Kh8 Nf6
42.Ba4+ Ke7 {#R} 0-1

[Event "Ch Great Britain"]
[Site "masterchessopen.com Oxford (England)"]
[Round "2"]
[White "Haygarth Michael J (ENG)"]
[Black "Golombek Harry (ENG)"]
[Result "1/2-1/2"]
[WhiteElo "2375"]
[BlackElo "2320"]

1.d4 Nf6 2.c4 e6 3.Nc3 Bb4 4.e3 c5 5.Bd3 d5 6.Nf3 Nc6 7.O-O O-O 8.a3 dxc4
9.Bxc4 Ba5 10.Ne2 cxd4 11.Nexd4 Nxd4 12.Qxd4 Qxd4 13.Nxd4 Bd7 {#d} 1/2-1/2

[Event "It"]
[Site "masterchessopen.com Skopje (Macedonia)"]
[Round "16"]
[White "Damjanovic Mato (CRO)"]
[Black "Dely Peter (HUN)"]
[Result "1/2-1/2"]
[WhiteElo "2303"]
[BlackElo "2391"]

1.d4 Nf6 2.c4 e6 3.Nf3 Bb4+ 4.Nc3 c5 5.e3 O-O 6.Bd3 d5 7.O-O dxc4 8.Bxc4 Nc6
9.a3 Ba5 10.Ne5 Qc7 11.Nxc6 Qxc6 12.d5 Qe8 13.Bd2 Bxc3 14.Bxc3 exd5 15.Bxd5
Bg4 16.f3 Nxd5 17.Qxd5 Qxe3+ 18.Kh1 Be6 19.Qxb7 c4 20.Rfe1 Qb6 21.Qe7 Rae8
22.Qh4 f6 23.Bb4 Rf7 24.Qxc4 a5 25.Bxa5 Qxb2 26.Qc6 Rd7 27.a4 Kf7 28.Bc3 Qb3
29.Reb1 Qc2 30.Rc1 Qe2 31.Re1 Qc4 32.Qxc4 Bxc4 33.Rec1 Ba6 34.Kg1 Rc7 35.a5
Rec8 36.Bd2 Rxc1+ 37.Bxc1 Rc2 38.Be3 Re2 39.Bb6 f5 40.h4 h5 41.Rc1 g6 42.Kh2
Re8 43.Kg3 Rc8 44.Rd1 Rc4 45.Bd8 f4+ 46.Kh2 Ke6 47.Rb1 Kd7 48.Bb6 Ke6 49.Ba7
Bc8 50.Bb8 Ra4 51.Rc1 Bb7 52.Bc7 Kd7 53.Bb6 Bc6 54.Rc2 Ra1 55.Rd2+ Ke6 56.Rd4
Ra4 57.Rxa4 Bxa4 58.Bc7 Kd7 59.Bxf4 Kc6 60.Bd2 Kb5 61.Kg3 Bc2 62.Kf4 Bb1 {#d}
1/2-1/2

[Event "Memorial M.Chigorin"]
[Site "masterchessopen.com Sochi (Russia)"]
[Round "4"]
[White "Bogdanovic Rajko (BIH)"]
[Black "Damjanovic Mato (CRO)"]
[Result "1/2-1/2"]
[WhiteElo "2308"]
[BlackElo "2303"]

1.d4 Nf6 2.c4 e6 3.Nc3 Bb4 4.Nf3 O-O 5.e3 d5 6.Bd3 c5 7.O-O dxc4 8.Bxc4 Nc6
9.a3 Ba5 10.Ne5 Qc7 11.Nxc6 Qxc6 12.d5 Qe8 13.Bd2 Bxc3 14.Bxc3 exd5 15.Bxd5
Nxd5 16.Qxd5 Qe7 17.Rad1 {#d} 1/2-1/2

[Event "It \"]
[Site "masterchessopen.com Amsterdam (Netherlands)"]
[Round "0"]
[White "Donner Jan-Hein (NED)"]
[Black "Lengyel Levente (HUN)"]
[Result "1/2-1/2"]
[WhiteElo "2430"]
[BlackElo "2293"]

1.d4 Nf6 2.c4 e6 3.Nc3 Bb4 4.e3 c5 5.Bd3 O-O 6.Nf3 d5 7.O-O Nc6 8.a3 dxc4
9.Bxc4 Ba5 10.Bd3 cxd4 11.exd4 Bb6 12.Be3 Qd6 13.Qd2 Nd5 14.Nxd5 Qxd5 15.Rfe1
Bd7 16.Rad1 Rac8 17.Bc2 Qh5 18.Ng5 h6 19.Ne4 Ne7 {#d} 1/2-1/2

[Event "?"]
[Site "masterchessopen.com Bucharest (Romania)"]
[Round "0"]
[White "Gheorghiu Florin (ROM)"]
[Black "Wade Robert G (ENG)"]
[Result "1-0"]
[WhiteElo "2383"]
[BlackElo "2148"]

1.d4 Nf6 2.c4 e6 3.Nc3 Bb4 4.e3 O-O 5.Bd3 d5 6.Nf3 c5 7.O-O Nc6 8.a3 dxc4
9.Bxc4 Ba5 10.Qd3 a6 11.dxc5 Qxd3 12.Bxd3 Bxc3 13.bxc3 Na5 14.Rb1 Bd7 15.c4
Ba4 16.c6 Bxc6 17.Bd2 Bxf3 18.Bxa5 Bc6 19.f3 Rfc8 20.e4 Nd7 21.Be2 b5 22.Rfc1
Ne5 23.cxb5 axb5 24.Bb4 Be8 25.Rxc8 Rxc8 26.f4 Nc4 27.Rc1 Ra8 28.Rc3 Na5
29.Rc7 Nb3 30.Kf2 Nd4 31.Bd3 f6 32.Ke3 Nc6 33.Bd6 Ra5 34.Rb7 e5 35.f5 Ra8
36.Rxb5 g6 37.g4 gxf5 38.gxf5 Nd4 39.Rb7 Ra4 40.Be7 Bc6 41.Rc7 Bb5 42.Bb1 Nc6
43.Bc5 Na5 44.Rc8+ Kf7 45.Rc7+ Kg8 46.Bb4 {#r} 1-0

[Event "Ch Hungary"]
[Site "masterchessopen.com Budapest (Hungary)"]
[Round "0"]
[White "Farago Ivan (HUN)"]
[Black "Haag Ervin (HUN)"]
[Result "1/2-1/2"]
[WhiteElo "2488"]
[BlackElo "2284"]

1.d4 Nf6 2.c4 e6 3.Nc3 Bb4 4.e3 c5 5.Bd3 d5 6.Nf3 O-O 7.O-O dxc4 8.Bxc4 Nc6
9.a3 Ba5 10.Qd3 a6 11.dxc5 Qxd3 12.Bxd3 Bxc3 13.bxc3 Rd8 14.Bc2 Rd5 15.c4 Rxc5
16.Bd3 Na5 17.Bb2 Bd7 {#d} 1/2-1/2

[Event "Olympiad"]
[Site "masterchessopen.com Lugano (Switzerland)"]
[Round "0"]
[White "Ojanen Kaarle S (FIN)"]
[Black "Johansson Martin (SWE)"]
[Result "1-0"]
[WhiteElo "2335"]
[BlackElo "2430"]

1.d4 Nf6 2.c4 e6 3.Nc3 Bb4 4.e3 c5 5.Nf3 d5 6.Bd3 O-O 7.O-O Nc6 8.a3 dxc4
9.Bxc4 Ba5 10.Bd3 h6 11.Bc2 Qe7 12.Ne5 Rd8 13.Nxc6 bxc6 14.Qf3 Ba6 15.Rd1 Rac8
16.Ne4 Nxe4 17.Bxe4 Bb6 18.dxc5 Rxd1+ 19.Qxd1 Rd8 20.Bd2 Qxc5 21.Bf3 Bc7 22.g3
Be5 23.Rc1 Qb5 24.Rb1 Bf6 25.Qc2 Qd3 26.Qxd3 Bxd3 27.Rc1 Bxb2 28.Rxc6 Bxa3
29.Bc3 Bb5 30.Rc7 a6 31.Bd4 Bd6 32.Ra7 Rb8 33.Be4 Rc8 34.h3 Kf8 35.f4 Bc5
36.Ra8 {#r} 1-0

[Event "Olympiad"]
[Site "masterchessopen.com Lugano (Switzerland)"]
[Round "0"]
[White "Toran Albero Roman (ESP)"]
[Black "Bouwmeester Hans (NED)"]
[Result "1/2-1/2"]
[WhiteElo "2445"]
[BlackElo "2343"]

1.d4 Nf6 2.c4 e6 3.Nc3 Bb4 4.e3 O-O 5.Bd3 d5 6.Nf3 c5 7.O-O Nc6 8.a3 dxc4
9.Bxc4 Ba5 10.Bd3 cxd4 11.exd4 Qd6 12.Bg5 Nd5 13.Ne4 Qb8 14.Rc1 h6 15.Bh4 Bc7
16.Bb1 Bf4 17.Bg3 Bxg3 18.hxg3 Bd7 19.Qd3 Rd8 20.Rfe1 Be8 21.Rc5 Nce7 22.Ne5
f6 23.Nf3 Bf7 24.Nc3 g6 25.Nxd5 Nxd5 26.Ba2 Qd6 27.Bxd5 exd5 28.Rec1 Rd7 {#d}
1/2-1/2

[Event "Olympiad"]
[Site "masterchessopen.com Lugano (Switzerland)"]
[Round "0"]
[White "Visier Segovia Fernando (ESP)"]
[Black "Kristinsson Jon (ISL)"]
[Result "1/2-1/2"]
[WhiteElo "2233"]
[BlackElo "2290"]

1.d4 Nf6 2.c4 e6 3.Nc3 Bb4 4.e3 c5 5.Bd3 O-O 6.Nf3 d5 7.O-O Nc6 8.a3 dxc4
9.Bxc4 Ba5 10.Ne2 Bb6 11.dxc5 Bxc5 12.Qxd8 Rxd8 13.b4 Be7 14.Bb2 Bd7 15.Rfd1
Rac8 16.Bb3 Be8 17.Rac1 a6 18.Ned4 Nxd4 19.Nxd4 Kf8 20.f3 Bd7 21.Kf2 Rxc1
22.Rxc1 Rc8 23.Rxc8+ Bxc8 24.e4 Ke8 25.Nc2 Kd8 26.Ne3 b5 27.Nc2 Kc7 28.Ne1 g6
29.Nd3 Nd7 30.Ne5 Nxe5 31.Bxe5+ Kc6 32.Ke3 a5 33.Bc3 axb4 {#d} 1/2-1/2

[Event "Ch World (match) (cand.) (1/4)"]
[Site "masterchessopen.com Porec (Croatia)"]
[Round "1"]
[White "Portisch Lajos (HUN)"]
[Black "Larsen Bent (DEN)"]
[Result "1/2-1/2"]
[WhiteElo "2523"]
[BlackElo "2415"]

1.d4 Nf6 2.c4 e6 3.Nc3 Bb4 4.e3 O-O 5.Bd3 c5 6.Nf3 d5 7.O-O Nc6 8.a3 dxc4
9.Bxc4 Ba5 10.Qd3 a6 11.Rd1 b5 12.Ba2 c4 { !? } 13.Qe2 Qe8 14.Bd2 Bb6 15.Bb1 {
? } 15...e5 { ? } ( 15...Bb7 ) 16.dxe5 Nxe5 17.Ne4 { ! } 17...Nxe4 18.Bxe4 Nc6
19.Ng5 h6 20.Qh5 ( 20.Qf3 Bd7 21.Bc3 hxg5 22.Rxd7 Qxd7 23.Bxc6 g4 { ! } )
20...Bd8 { ! } 21.h4 Bxg5 22.Bxc6 Qxc6 23.hxg5 Bb7 24.Qg4 Qg6 25.Bb4 Rfe8 { ?
} ( 25...Rfd8 ) 26.Rd6 Qxg5 27.Qxg5 hxg5 28.Rad1 g4 29.Kh2 Be4 30.R1d4 Bf5
31.Rb6 Re6 32.Rdd6 a5 33.Bc3 Rxd6 34.Rxd6 Kh7 35.Rb6 b4 36.axb4 axb4 37.Rxb4
Be6 38.Rb5 Kg6 39.Kg3 Rh8 40.Kf4 Rh5 41.Rxh5 Kxh5 {#d} 1/2-1/2

[Event "Ch World (match) (cand.) (1/4)"]
[Site "masterchessopen.com Porec (Croatia)"]
[Round "3"]
[White "Portisch Lajos (HUN)"]
[Black "Larsen Bent (DEN)"]
[Result "1/2-1/2"]
[WhiteElo "2523"]
[BlackElo "2415"]

1.d4 Nf6 2.c4 e6 3.Nc3 Bb4 4.e3 O-O 5.Bd3 c5 6.Nf3 d5 7.O-O Nc6 8.a3 dxc4
9.Bxc4 Ba5 10.Qd3 a6 11.a4 { ? } 11...Bd7 12.dxc5 Qe7 13.e4 ( 13.Qd6 Qxd6
14.cxd6 Rfd8 15.Rd1 Be8 ) 13...Qxc5 14.Be3 Qh5 15.Bf4 Rac8 { ! } 16.Rac1 Rfd8
17.Bg3 { ? } 17...Be8 18.Qb1 Nd4 19.Nxd4 Rxc4 20.Nde2 Nxe4 { ! } 21.Nxe4 Qxe2
22.Nd6 Rxc1 23.Qxc1 Bc6 24.Qg5 Qd2 25.Bf4 Qd5 26.Nc4 Qxg5 27.Bxg5 Rd5 28.Nxa5
Rxa5 29.Bd2 Rxa4 30.Bc3 h5 31.Rd1 Rg4 32.g3 Ra4 33.f4 Kh7 34.Re1 Bd5 35.Kf2 f6
36.h4 Kg6 37.Re3 Kf5 38.Re1 b6 39.Rd1 a5 40.Re1 b5 41.Re2 {#d} 1/2-1/2

[Event "Ch World (match) (cand.) (1/4)"]
[Site "masterchessopen.com Porec (Croatia)"]
[Round "7"]
[White "Portisch Lajos (HUN)"]
[Black "Larsen Bent (DEN)"]
[Result "1-0"]
[WhiteElo "2523"]
[BlackElo "2415"]

1.d4 Nf6 2.c4 e6 3.Nc3 Bb4 4.e3 O-O 5.Bd3 d5 6.Nf3 dxc4 7.Bxc4 c5 8.O-O Nc6
9.a3 Ba5 10.Qd3 a6 11.Rd1 b5 12.Ba2 Bb7 13.dxc5 Bxc3 14.Qc2 Qe7 15.Qxc3 Rad8
16.Bd2 Ne4 17.Qc2 Nxc5 18.Be1 Na4 { ! } ( 18...e5 { ? } 19.Qf5 Qf6 20.Qh5 g6
21.Qh6 Qg7 22.Qh4 { ? } ) 19.Rac1 Rxd1 20.Rxd1 Rc8 21.Bb1 g6 22.Qe2 Qf6 23.Rd7
Ba8 24.b4 Ne5 25.Nxe5 Qxe5 26.Rd4 Nc3 27.Bxc3 ( 27.Qb2 { !? } 27...Qc7 28.f3 )
27...Rxc3 28.Qb2 Qg5 { ?! } ( 28...Qc7 { =/? } ) 29.g3 Rc8 30.Qd2 Bf3 31.Bd3
e5 32.Rd7 Qg4 33.Bf1 Kg7 34.Qd6 Qf5 35.Rc7 Rxc7 36.Qxc7 Bd5 { ? } 37.f4 exf4
38.Qxf4 Qxf4 { ?? } ( 38...Qe6 { = } ) 39.exf4 Kf6 40.Kf2 Kf5 { ! } ( 40...Ke7
41.Ke3 Kd6 42.Kd4 f6 43.Bd3 { +?? } ) 41.Ke3 ( 41.Bh3+ { ?! } 41...Ke4 42.Bc8
f6 { ! } ) 41...Kg4 42.Kd4 Bb7 43.Ke5 ( 43.Kc5 { ? } 43...Kf3 44.Kb6 Bc8
45.Kc7 Be6 46.Kb7 Bc4 47.Bh3 f5 48.Kxa6 h5 ) 43...h5 44.Kf6 Bd5 45.Bd3 Kh3 { ?
} ( 45...Bc4 { ! } ) 46.f5 Kxh2 { ? } ( 46...gxf5 47.Kxf5 Be6+ 48.Kf4 Bg4
49.Be4 f6 50.Bb7 Kxh2 51.Bxa6 Bd7 { = } ) 47.Ke5 { ! } 47...g5 ( 47...Bc4
48.fxg6 fxg6 49.Bxg6 Kxg3 50.Bxh5 { +?? } ) 48.Kxd5 Kxg3 49.f6 h4 50.Ke5 h3
51.Kf5 Kh4 52.Be4 h2 53.Bd5 g4 54.Kf4 Kh3 55.Bh1 g3 56.Kf3 Kh4 57.Bg2 {#r} 1-0